| 000 | 01069nam a2200301 4500 | ||
|---|---|---|---|
| 003 | EG-GICUC | ||
| 005 | 20260321120435.0 | ||
| 008 | 260312s1948 fr ||||fr|||| 00| 0 fre d | ||
| 040 |
_aEG-GICUC _cEG-GICUC _dEG-GICUC _erda _bfre |
||
| 082 | 0 | 4 |
_221 _a341.6 _bTR . P |
| 092 | 0 | 4 | _221 |
| 099 | _aLaw 11 341.6 TR . P 1948 | ||
| 110 |
_aTribunal Militaire International, _eAuteur |
||
| 245 | 1 | 2 |
_aProcès des grands criminels de guerre devant le Tribunal militaire international, Nuremberg / _cPar Tribunal Militaire International. _nTome XXXII ، |
| 264 | 1 |
_aParis, _bAllenmagne, _c1948. |
|
| 300 |
_aps-3728 pages _billustrations _c30 cm. _eCD. |
||
| 336 |
_atexte _2rda contenu |
||
| 337 |
_aOrdinateur _2rda medias |
||
| 338 |
_aRessource en ligne _2transporteur rda |
||
| 500 | _aIndex included | ||
| 504 | _aBibliography: pages 200-250. 240-220 | ||
| 546 | _aTexte en français | ||
| 650 | 0 | 4 |
_2qrmak _aDroit international public |
| 651 | 1 | _2qrmak | |
| 856 | _uhttps://fll.law.cu.edu.eg/fulltext/bks/B11-08523.pdf | ||
| 905 | _a31 | ||
| 942 |
_2ddc _cBK _e21 _n0 |
||
| 999 |
_c66269 _d66269 |
||